00498 a2200181 450000100060000002000060000604000220001210000350003424000320006924500270010130000060012836200090013444000230014365000370016694200070020395200890021099900170029954975 a  cAnchieta - Pituba aCHACON, Ricardo Horacio Pieira10a2ª Espanhol,I unidadelpor10a2ª Espanhol,I unidade a40 a2017 1aColégio Anchieta 4aLínguas espanhola e portuguesa cBK 00104070a91.1b91.1d2023-11-21l0p4348/PITr2023-11-21 18:22:38w2023-11-21yBK c54975d54975